Guess the capitals of each U.S. state by its flag - Statistics

General Stats
  • This quiz has been taken 30 times
  • The average score is 25 of 50
Answer Stats
Picture Answer % Correct
Juneau
90%
Jefferson City
70%
Albany
60%
Atlanta
60%
Baton Rouge
60%
Boise
60%
Boston
60%
Denver
60%
Dover
60%
Hartford
60%
Honolulu
60%
Little Rock
60%
Phoenix
60%
Sacramento
60%
Santa Fe
60%
Tallahassee
60%
Augusta
50%
Austin
50%
Carson City
50%
Cheyenne
50%
Des Moines
50%
Helena
50%
Indianapolis
50%
Lansing
50%
Montgomery
50%
Nashville
50%
Olympia
50%
Annapolis
40%
Bismarck
40%
Charleston
40%
Columbia
40%
Columbus
40%
Concord
40%
Frankfort
40%
Harrisburg
40%
Jackson
40%
Lincoln
40%
Madison
40%
Montpelier
40%
Oklahoma City
40%
Pierre
40%
Providence
40%
Raleigh
40%
Richmond
40%
Saint Paul
40%
Salem
40%
Salt Lake City
40%
Springfield
40%
Topeka
40%
Trenton
40%
No matching quizzes found
Score Distribution
Percent of People with Each Score
Percentile by Number Answered
Your Score History
You have not taken this quiz